000 00327nam a2200133Ia 4500
008 240624s9999 xx 000 0 und d
041 _aeng
082 _a005.74 TAN
100 _aTANIAR DAVID
245 _aWEB POWERED DATABASES
260 _c2003
_aLondon
_bIRM Press
300 _aviii, : 340 : p. : cm. ; 25
365 _c
_b30
999 _c16496
_d16496